Gray hat hacking the ethical hackers handbook
-д хадгалсан:
| Формат: | Ном |
|---|---|
| Хэл сонгох: | англи |
| Хэвлэсэн: |
McGraw Hill Education
New York
|
| Шошгууд: |
Шошго нэмэх
Шошго байхгүй, Энэхүү баримтыг шошголох эхний хүн болох!
|
MARC
| LEADER | 00000nam a22000007a 4500 | ||
|---|---|---|---|
| 008 | 231012b |||||||| |||| 00| 0 eng d | ||
| 020 | |a 9781260108415 | ||
| 245 | |a Gray hat hacking |b the ethical hackers handbook |c /Allen Harper ... (et al) |g xxxi, 602p | ||
| 250 | |b 5th |c Harper Allen...(et al) | ||
| 260 | |b McGraw Hill Education |c New York |h New York |i 701430 |i 701431 |l QA76.9.G14 |m Penetration testing (Computer security)- Handbooks, manuals, etc |m Computer security - Handbooks, manuals, etc |m Hackers | ||
| 500 | |a it includes references and index | ||
| 942 | |a lcc |c BK |e Johnson |f 12/10/23 | ||
| 952 | |0 0 |1 0 |2 lcc |4 0 |6 QA00769 G14 |7 0 |9 4568 |a RF |b HOL |c QZ |d 2023-10-12 |l 0 |o QA76.9.G14 |p 2023-0489 |r 2023-10-12 00:00:00 |t 701430 |w 2023-10-12 |y BK | ||
| 952 | |0 0 |1 0 |2 lcc |4 0 |6 QA00769 G14 |7 0 |9 4569 |a RF |b HOL |c QZ |d 2023-10-12 |l 0 |o QA76.9.G14 |p 2023-0490 |r 2023-10-12 00:00:00 |t 701431 |w 2023-10-12 |y BK | ||
| 999 | |c 2291 |d 2291 | ||